LEADER 01237nam a2200301 a 4500 001 000000172214 003 CaOOAMICUS 005 20190703130813.0 008 190703s2019 it u000 u ita r 020 $a978-88-581-3615-7* 032 $aLibriCat 040 $aPUL$bita 082 04$a945.09 100 1 $aMarrocu, Luciano.$0(OLS)http://pul/name/110534 245 13$aLa sonnambula : $bl'Italia nel Novecento / $cLuciano Marrocu. 260 $aBari ; Roma :$bGius. Laterza & figli,$cİ2019. 300 $aX, 481 p. ;$c21 cm 490 1 $aRobinson. Letture 651 4$aItalia$xStoria culturale$ySec. XX.$0(OLS)http://pul/subject/23083 830 2$aI Robinson.$pLetture.$0(OLS)http://pul/title/65836 850 $aPUL 852 $aPUL$W1$xSL Cons. Gen., Altre Classi 3$y75$m945. 09 MARLU 1$j196150$qDDC 21$B200901$CPULBib$Z2$F200901 $H133081 $82 941 1 $a9 996 $6020$a978-88-581-3615-7*$9(OLS)http://pul/number/166341 996 $6082$a945.09$9(OLS)http://pul/classification/532 996 $6245$aLa sonnambula : $bl'Italia nel Novecento / $9(OLS)http://pul/title/213121 996 $6260$aBari ; Roma :$bGius. Laterza & figli$9(OLS)http://pul/publisher/81307 LEADER 01577nam a2200361 a 4500 001 000000122745 003 CaOOAMICUS 005 20100830112415.0 008 100825t2010 it u000 u ita r 020 $a978-88-6132-537-1 040 $aPUL$bita$dReb 082 $a343 110 1 $aItalia.$0(OLS)http://pul/name/1188 240 10$aCodice tributario.$0(OLS)http://pul/title/152280 245 10$aCodice tributario /$cGiuseppe Di Dio, Attilio Pezzinga. 250 $a48. ed. 260 $aPiacenza :$bLa tribuna,$cİ2010. 300 $a2236 p.$c19 cm. 490 1 $aCodici vigenti 2010 500 $aSul front.: Con Cd-Rom allegato contenente tutta l'area tematica tributario della banca dati Jus&Lex 500 $aSulla coperta: Aggiornato con il D.D.L. 22 gennaio 2010 sull'IVA transfrontaliera. 500 $aTesto su due colonne. 650 4$aDiritto tributario$zItalia.$0(OLS)http://pul/subject/18167 700 1 $aPezzinga, Attilio.$0(OLS)http://pul/name/45472 700 1 $aDi Dio, Giuseppe,$d1961-$0(OLS)http://pul/name/45471 830 0$aCodici vigenti 2010.$0(OLS)http://pul/title/152271 850 $aPUL 852 $aPUL$W1$xDP2 Diritto e Scienze Sociali 3$y110$m348. 45 BZCOD 51$j140978$qDDC 21$B140058$CPULBib$Z2$F140058 $H114498 $82 941 1 $a9 996 $6020$a978-88-6132-537-1$9(OLS)http://pul/number/145169 996 $6082$a343$9(OLS)http://pul/classification/645 996 $6245$aCodice tributario$9(OLS)http://pul/title/145280 996 $6260$aPiacenza :$bLa tribuna$9(OLS)http://pul/publisher/62750